000
00342nam a2200145Ia 4500
008
240126s9999 xx 000 0 und d
022
_a
9754032
041
_a
English
245
0
_a
Sugyaan
260
_b
Siva Sivani Institue of Management
_a
India
440
_a
NULL
650
_a
Management
650
_a
Sugyaan,Management
942
_c
JN
999
_c
271872
_d
271872